Online Catalogue and eLibrary

The Sri Lankan national crisis and the search for solutions / (Record no. 467)

MARC details
000 -LEADER
fixed length control field 00568cam a2200205 a 4500
001 - CONTROL NUMBER
control field 15754523
005 - DATE AND TIME OF LATEST TRANSACTION
control field 20240222000814.0
008 - FIXED-LENGTH DATA ELEMENTS--GENERAL INFORMATION
fixed length control field 090305s2009 ii 000 0 eng d
020 ## - INTERNATIONAL STANDARD BOOK NUMBER
ISBN 9788189833855 (pbk.)
040 ## - CATALOGING SOURCE (பட்டியலாக்க மூலம்)
Original cataloging agency DKAGE
Language of cataloging eng
Transcribing agency DKAGE
Modifying agency DLC
082 04 - DDC Classification
Class No. 322.42.
DDC Edition Number 22
Item Number - Author Mark THE.
100 1# - MAIN ENTRY--PERSONAL NAME
Personal name Sivasegaram s.
245 14 - TITLE STATEMENT
Title The Sri Lankan national crisis and the search for solutions /
Statement of responsibility, etc. S. Sivasegaram.
250 ## - EDITION STATEMENT
Edition statement 1st.
260 ## - PUBLICATION, DISTRIBUTION, ETC.
Place of publication, distribution, etc. Delhi :
Name of publisher, distributor, etc. Aakar Books,
Date of publication, distribution, etc. 2009.
300 ## - PHYSICAL DESCRIPTION
Extent (e.g. Volumes, Pages etc.) 96 p. ;
490 0# - SERIES STATEMENT
Series statement Radical notes ;
650 #0 - SUBJECT ADDED ENTRY--TOPICAL TERM
Topical term or geographic name entry element Tamil (Indic people)
942 ## - Koha item type (Biblio)
Koha item type Books in Stacks (Lending)
Holdings
Lost status Damaged status Collection code Home library Current library Date acquired Full call number Accession Number Item type
    Lending WERC Library WERC Library 02/22/2024 322.42. THE. 6695 Books in Stacks (Lending)

© WERC Library